| Tag |
First Indicator |
Second Indicator |
Subfields |
| LEADER |
00000cam a2200000 a 4500 |
| 001 |
in00000088003 |
| 005 |
20151008064946.0 |
| 008 |
811218s1981 inu b 00010 eng |
| 010 |
|
|
|a 81082884
|
| 020 |
|
|
|z 0873677449 (pbk.)
|
| 035 |
|
|
|a (OCoLC)07966029
|
| 035 |
|
|
|9 AAK5102AM
|
| 039 |
0 |
|
|a 2
|b 3
|c 3
|d 3
|e 3
|
| 040 |
|
|
|a DLC
|c DLC
|d TXA
|d UtOrBLW
|
| 043 |
|
|
|a n-us---
|
| 049 |
|
|
|a TXAM
|c [1805183]
|
| 050 |
0 |
0 |
|a KF1310
|b .C66
|
| 082 |
0 |
|
|a 344.73/075
|a 347.30475
|2 19
|
| 100 |
1 |
|
|a Connors, Eugene T.
|
| 245 |
1 |
0 |
|a Educational tort liability and malpractice /
|c by Eugene T. Connors.
|
| 264 |
|
1 |
|a Bloomington, Ind. :
|b Phi Delta Kappa,
|c [1981]
|
| 264 |
|
4 |
|c ©1981
|
| 300 |
|
|
|a x, 172 pages ;
|c 23 cm.
|
| 336 |
|
|
|a text
|b txt
|2 rdacontent
|
| 337 |
|
|
|a unmediated
|b n
|2 rdamedia
|
| 338 |
|
|
|a volume
|b nc
|2 rdacarrier
|
| 504 |
|
|
|a Includes bibliographical references.
|
| 650 |
|
0 |
|a Liability for school accidents
|z United States.
|
| 650 |
|
0 |
|a Teachers
|x Malpractice
|z United States.
|
| 999 |
|
|
|a MARS
|
| 999 |
f |
f |
|s 18d0e165-74bb-3677-a146-2b40256b25da
|i 516875c9-418d-35b3-afc3-8bb435717412
|t 0
|
| 952 |
f |
f |
|p ric
|a Texas A&M University
|b Rellis Campus
|c Joint Library Facility
|d Remote Storage
|t 0
|e KF1310 .C66
|h Library of Congress classification
|i unmediated -- volume
|m A14806155266
|
| 998 |
f |
f |
|a KF1310 .C66
|t 0
|l Remote Storage
|